00683 2200253 4500001002100000005001700021008004100038020001800079035002500097040001200122082001200134090001900146100002100165245005100186250001000237260003300247300003600280500001100316504002700327650002700354850001200381990001800393990001800411YOGYA-0209000003750520150624103100.0 ind  a979-3289-39-2 a0010-020900000037505 aYOPDYOG a004.369 a004.369bKri S aKRISTANTO, Andri aStruktur data dengan C++coleh Andri Kristanto aCet.1 aYogyakartabGraha Ilmuc2003 axv, 395 hlm. :bilus. ;c23 cm. aIndeks aBibliografi : hlm. 390 aC++ (Program komputer) aYOPDYOG a12347-PD/B.05 a12348-PD/B.05